Statistics for All 200k Cities in the Sun Belt on a Map

Click here to take the quiz!

General Stats

  • This quiz has been taken 322 times
    (178 since last reset)
  • The average score is 67 of 100

Answers on the Map

Answers color-coded by a green-red scale on the quiz's map according to % correct below.
 

Answer Stats

PopulationMetropolitan Area% Correct
2,265,461Las Vegas
97%
13,200,998Los Angeles
97%
6,138,333Miami
96%
4,845,832Phoenix
96%
7,637,387Dallas
95%
7,122,240Houston
95%
2,673,376Orlando
95%
3,298,634San Diego
95%
916,528Albuquerque
94%
2,283,371Austin
94%
591,978Jackson
94%
1,605,848 | 204,576Jacksonville
94%
1,271,845New Orleans
94%
2,558,143San Antonio
94%
4,749,008San Francisco
94%
6,089,815Atlanta
93%
868,859El Paso
93%
2,000,468San Jose
93%
1,043,433Tucson
93%
3,175,275Tampa
92%
2,660,329Charlotte
91%
2,397,382Sacramento
91%
870,569Baton Rouge
90%
1,115,289Birmingham
90%
1,337,779Memphis
90%
1,413,982Raleigh
90%
384,298Tallahassee
90%
748,031Little Rock
89%
490,596Reno
89%
1,008,654Fresno
88%
430,197Mobile
88%
799,636Charleston
85%
386,047Montgomery
83%
404,798Savannah
83%
909,235Bakersfield
81%
421,933Corpus Christi
79%
829,470Columbia
77%
4,599,839Riverside
77%
649,903Durham
74%
321,368Lubbock
74%
776,566Greensboro
73%
393,406Shreveport
73%
562,647Chattanooga
72%
421,017Brownsville
71%
760,822Fort Myers
71%
491,723Huntsville
71%
870,781McAllen
71%
779,233Stockton
71%
267,114Laredo
70%
611,000Augusta
68%
219,561Las Cruces
68%
509,905Pensacola
68%
277,547Waco
68%
233,802Macon
66%
215,415Athens
65%
675,966Winston-Salem
64%
203,881Yuma
64%
469,015Asheville
63%
268,691Tuscaloosa
63%
487,657Lafayette
62%
285,905Wilmington
59%
328,883Columbus
58%
928,195Greenville
58%
520,378Fayetteville
57%
203,136 | 339,247Gainesville
56%
487,722Myrtle Beach
56%
416,259Gulfport
55%
552,878Modesto
53%
268,248College Station
52%
487,657Port St. Lucie
51%
833,716North Port
49%
397,565Beaumont
48%
222,402Lake Charles
47%
725,046Lakeland
47%
843,843Oxnard
47%
213,267Lake Havasu City
46%
327,997Spartanburg
46%
233,479Tyler
45%
207,104Monroe
44%
488,863Santa Rosa
44%
282,424San Luis Obispo
42%
270,861Santa Cruz
42%
375,752Naples
40%
448,229Santa Maria
40%
375,908Ocala
38%
215,908Hilton Head Island
37%
473,117Visalia
35%
236,209Prescott
34%
439,035Salinas
33%
286,184Longview
32%
281,202Merced
32%
453,491Vallejo
32%
207,137Houma
31%
606,612Palm Bay
31%
231,767Daphne
29%
365,276Hickory
28%
668,921Deltona
27%
286,973Crestview
23%

Score Distribution

Percentile by Number Answered

Percent of People with Each Score

Your Score History

You have not taken this quiz since the last reset